Normal view
MARC view
Entry Personal Name
001 - CONTROL NUMBER
- control field: 88097
003 - CONTROL NUMBER IDENTIFIER
- control field: dpl
005 - DATE AND TIME OF LATEST TRANSACTION
- control field: 20260306160030.0
008 - FIXED-LENGTH DATA ELEMENTS
- fixed length control field: 260306|| aca||aabn | a|a d
040 ## - CATALOGING SOURCE
- Original cataloging agency: dpl
- Transcribing agency: dpl
100 ## - HEADING--PERSONAL NAME
- Personal name: नंदिनी
670 ## - SOURCE DATA FOUND
- Source citation: Work cat.: (dpl)215350: नंदिनी, हितोपदेश की प्रेरक कहानियाँ/, 2024
